Arab oil policies in the 1970s : (Record no. 1712)
[ view plain ]
| 000 -LEADER | |
|---|---|
| fixed length control field | 00868nac a22002051u 4500 |
| 010 ## - LIBRARY OF CONGRESS CONTROL NUMBER | |
| LC control number | 83080186 |
| 020 ## - INTERNATIONAL STANDARD BOOK NUMBER | |
| International Standard Book Number | 0801830354 |
| 082 00 - DEWEY DECIMAL CLASSIFICATION NUMBER | |
| Classification number | 338.2728209174927 |
| Item number | S2749 |
| 090 ## - LOCALLY ASSIGNED LC-TYPE CALL NUMBER (OCLC); LOCAL CALL NUMBER (OCLC) | |
| -- | 1712 |
| -- | 1712 |
| 100 ## - MAIN ENTRY--PERSONAL NAME | |
| Personal name | Sayigh, Yusif Abdullah |
| 245 10 - TITLE STATEMENT | |
| Title | Arab oil policies in the 1970s : |
| Remainder of title | opportunity and responsibility / |
| Statement of responsibility, etc | Yusif A. Sayigh. |
| 260 ## - PUBLICATION, DISTRIBUTION, ETC. (IMPRINT) | |
| Place of publication, distribution, etc | Baltimore, Md. : |
| Name of publisher, distributor, etc | Johns Hopkins University Press, |
| Date of publication, distribution, etc | 1983. |
| 300 ## - PHYSICAL DESCRIPTION | |
| Extent | xiii, 271 p. ; |
| Dimensions | 23 cm. |
| 500 ## - GENERAL NOTE | |
| General note | Donations |
| 500 ## - GENERAL NOTE | |
| General note | Donations - Dr. Mostafa Gouda |
| 504 ## - BIBLIOGRAPHY, ETC. NOTE | |
| Bibliography, etc | Includes bibliographical references and index. |
| 650 #0 - SUBJECT ADDED ENTRY--TOPICAL TERM | |
| Topical term or geographic name as entry element | Petroleum industry and trade |
| General subdivision | Government policy |
| Geographic subdivision | Arab countries. |
| 942 ## - ADDED ENTRY ELEMENTS (KOHA) | |
| Item type | Book - Borrowing |
| Call number prefix | 338.2728209174927S2749 |
| Withdrawn status | Item status | Damaged status | Not for loan | Home library | Current library | Shelving location | Date acquired | Source of acquisition | Total Checkouts | Total Renewals | Full call number | Barcode | Date last seen | Date last borrowed | Koha item type |
|---|---|---|---|---|---|---|---|---|---|---|---|---|---|---|---|
| Central Library | Central Library | First floor | 06/12/2007 | Purchase | 6 | 2 | 338.2728209174927 SAY | 000002605 | 15/07/2025 | 11/04/2018 | Book - Borrowing |